000 00855 a2200169 4500
003 Nust
005 20230123103155.0
040 _cNust
082 _a371.2,DRU
100 _aDrury, S. Samuel
_9107372
245 _aSchool mastering /
_cSamuel S. Drury
260 _aN Y
_bMacmillan Co
300 _a254:p
505 _aThe top story (Page-1), A happy Faculty (Page-12), Trustees (Page-30), Headmasters (Page-46), Alumni and the alumni (Page-64), The Selection of Masters (Page-78), Master Meetings (Page-95), Achilles Meeting (Page-106), The Power Plant (Page-122), A Crowing Professional (Page-144), The Wild Olive Bouch (Page-164), Donors (Page-178), September Musings (Page-192), School Snobby (Page-201) Contacts (Page-216), Elon and Abdon (Page-229), How Will This (Page-240).
650 _aSchool Management
_958010
942 _2ddc
_cBK
_k371.2,DRU
999 _c186006
_d186006